| 000 | 00560nam a2200217 a 4500 | ||
|---|---|---|---|
| 999 |
_c4212 _d4212 |
||
| 001 | 4212 | ||
| 003 | BD-JhCC | ||
| 005 | 20220804134023.0 | ||
| 008 | 171125s19531962e a|||| || | 000 0 eng d | ||
| 035 | _a(BD-JhCC)4212 | ||
| 040 |
_aBD-JhCC _dBD-JhCC |
||
| 041 | _aeng | ||
| 082 |
_a428.6 _bGET 1962 |
||
| 100 | _aGateby, E. V. | ||
| 245 |
_aA Direct Method English Course / _cE. V. Gateby, |
||
| 260 |
_aLondon : _bLongmans, Green and Co. Ltd, _c1962 |
||
| 300 |
_a171 p. : _c18 cm. |
||
| 650 | _aEnglish Language | ||
| 942 |
_2ddc _cBK _01 |
||